Handbook of occupational safety and health /
Introduction. Safety evaluations. Health evaluations. Control practices. Physical hazards and special topics. Legal affairs.
Shranjeno v:
| Drugi avtorji: | |
|---|---|
| Format: | Knjiga |
| Jezik: | English |
| Izdano: |
New York :
John Wiley & Sons,
1999.
|
| Izdaja: | 2nd ed. |
| Teme: | |
| Oznake: |
Označite
Brez oznak, prvi označite!
|
| Thư viện lưu trữ: | Mạng thư viện Đại học Đà Nẵng |
|---|
| LEADER | 01111cam a2200361 i 4500 | ||
|---|---|---|---|
| 001 | 000047616 | ||
| 003 | 7306 | ||
| 005 | 20030313082715.0 | ||
| 008 | 010324|1999 vm 000 eng | ||
| 020 | |a 0471160172 | ||
| 040 | |a IRC |c IRC |d IRC | ||
| 041 | 0 | |a eng | |
| 082 | 1 | 4 | |a 613.62 |b Ha-O |
| 245 | 0 | 0 | |a Handbook of occupational safety and health / |c edited by Louis J. DiBerardinis. |
| 250 | |a 2nd ed. | ||
| 260 | |a New York : |b John Wiley & Sons, |c 1999. | ||
| 300 | |a 1232 p. ; |c 24cm. | ||
| 520 | 3 | |a Introduction. Safety evaluations. Health evaluations. Control practices. Physical hazards and special topics. Legal affairs. | |
| 630 | 0 | 4 | |a Industrial hygiene. |
| 630 | 0 | 4 | |a Industrial safety. |
| 650 | 0 | 4 | |a Industrial hygiene |v Handbooks, manuals, etc. |
| 650 | 0 | 4 | |a Industrial safety |v Handbooks, manuals, etc. |
| 700 | 1 | |a DiBerardinis, Louis J., |e editor. | |
| OWN | |a DUT | ||
| 999 | |a From the UDN01 | ||
| TYP | |a Monograph | ||
| TYP | |a Printed language | ||
| 980 | |a Mạng thư viện Đại học Đà Nẵng | ||


